Κοινωνικές αλληλεπιδράσεις, κοινωνικές αναπαραστάσεις : τι λένε οι δάσκαλοι για τους γονείς;

Αποθηκεύτηκε σε:
Λεπτομέρειες βιβλιογραφικής εγγραφής
Κύριος συγγραφέας: Γώγου-Κρητικού, Λέλα
Μορφή: Βιβλίο
Γλώσσα:Greek
Δημοσίευση: Αθήνα : Πορεία, 1994.
Θέματα:
Ετικέτες: Προσθήκη ετικέτας
Δεν υπάρχουν, Καταχωρήστε ετικέτα πρώτοι!

MARC

LEADER 00000cam a2200000 i 4500
001 1/59632
008 141112s1994 gr | ||| |||| ||gre||
020 |a 9607043332 
035 |l 10119731 
040 |a GR-MY-UA  |b gre  |e aacr 
041 0 |a gre 
082 7 |a 371.192   |2 (23) 
100 1 |a Γώγου-Κρητικού, Λέλα. 
245 1 0 |a Κοινωνικές αλληλεπιδράσεις, κοινωνικές αναπαραστάσεις :   |b τι λένε οι δάσκαλοι για τους γονείς; /   |c Λέλα Γώγου-Κρητικού.  
260 |a Αθήνα :   |b Πορεία,   |c 1994.  
300 |a 210 σ. ;   |c 21 εκ.  
504 |a Βιβλίογραφία: σ. 206-210.  
650 0 0 |a Home and school. 
650 0 0 |a Parent-teacher relationships. 
852 |a INST  |b RHODES  |e 20141112  |h 371.192 ΓΩΓ  |p 005400037282  |q 005400037282  |t BK  |y 0 
901 |a BIBL4-2014-3 
909 |a Ρ  |b 183602 
970 |z 2014/11/12